Movies Quiz

Random Movies or Box Office Quiz
Score 0/100 Timer 14:00
0 Plays Today
Year Movie % Correct
1997Titanic
85.1%
2009Avatar
78.7%
1995Toy Story
66.9%
1999Toy Story 2
62.5%
2001Harry Potter and the Sorcerer's Stone
58%
2001Lord of the Rings: The Fellowship of the Ring
57.2%
2008The Dark Knight
56.3%
2002Spider-Man
52%
2002Lord of the Rings: The Two Towers
50.8%
2003Lord of the Rings: The Return of the King
50.7%
2004Spider-Man 2
46.5%
1994Forrest Gump
46.2%
2002Harry Potter and the Chamber of Secrets
45.9%
2008Iron Man
45.6%
1999Star Wars Episode I: The Phantom Menace
45.1%
2003Finding Nemo
44.8%
2005Harry Potter and the Goblet of Fire
44.7%
2005Star Wars: Episode III - Revenge of the Sith
44.6%
2002Star Wars Episode II: Attack of the Clones
44.1%
1994The Lion King
44.1%
2007Spider-Man 3
43.4%
2009Harry Potter and the Half-Blood Prince
42.8%
2007Harry Potter and the Order of the Phoenix
42.4%
2001Shrek
41.6%
2009Up
41%
2006Cars
40.6%
2004Shrek 2
38.9%
1993Jurassic Park
38.2%
2007Shrek the Third
36.9%
2003Pirates of the Caribbean: The Curse of the Black Pearl
36.5%
2001Monsters Inc.
33.4%
1991Beauty and the Beast
33%
2004The Incredibles
32.9%
1992Aladdin
32.7%
Year Movie % Correct
1998Saving Private Ryan
32.1%
2006Pirates of the Caribbean: Dead Man's Chest
31.2%
2007Transformers
31%
1996Independence Day
30.5%
2008WALL-E
30.2%
1991Terminator 2: Judgment Day
30.1%
1999The Matrix
29.8%
2007Pirates of the Caribbean: At World's End
29.7%
2000Gladiator
29.1%
1996Mission: Impossible
27.7%
1998A Bug's Life
27%
1997The Lost World: Jurassic Park
26.2%
1997Men in Black
25.8%
2009Transformers: Revenge of the Fallen
24.7%
1992Batman Returns
24%
2000Mission: Impossible II
23.8%
1995Batman Forever
20.5%
2006X-Men: The Last Stand
20%
2003The Matrix Reloaded
19.8%
1995Pocahontas
19.3%
1991The Silence of the Lambs
19.3%
1990Home Alone
18.6%
2008Indiana Jones and the Kingdom of the Crystal Skull
18.5%
2000Cast Away
18.3%
1990Dances with Wolves
18.3%
1998Armageddon
16.8%
2009The Twilight Saga: New Moon
16.5%
1990Pretty Woman
16.1%
1990Ghost
16%
1999The Sixth Sense
15.2%
1995Apollo 13
14.7%
1992Home Alone 2: Lost in New York
14.4%
2005King Kong
11.8%
2004The Passion of the Christ
11.4%
Year Movie % Correct
2005War of the Worlds
11%
1992Lethal Weapon 3
10%
1993Sleepless in Seattle
9.7%
1993Mrs. Doubtfire
9.6%
1996Jerry Maguire
9.1%
2008Hancock
9%
1993The Fugitive
8.8%
1999Austin Powers: The Spy Who Shagged Me
8.6%
2005The Lion, The Witch, and The Wardrobe
8.5%
2006Night at the Museum
8.5%
2004Meet the Fockers
8.4%
2006The Da Vinci Code
8.4%
1996Twister
8.4%
1992A Few Good Men
8.2%
1997Liar Liar
7.8%
2000How the Grinch Stole Christmas
7.8%
1998There's Something About Mary
7.7%
1994True Lies
7.6%
1997Air Force One
7.6%
2003Bruce Almighty
7.3%
1995Ace Ventura: When Nature Calls
6.7%
2001Rush Hour 2
5.7%
1994The Santa Clause
5.6%
1991Robin Hood: Prince of Thieves
5.6%
1993The Firm
5.4%
2002My Big Fat Greek Wedding
5%
1998The Waterboy
4.5%
2000What Women Want
3.9%
1990Teenage Mutant Ninja Turtles
3.8%
1991City Slickers
3.5%
1996Ransom
3.1%
1994The Flintstones
3%
Remove Ads.
Support Sporcle.
Get the best of Sporcle when you Go Orange. This ad-free experience offers more features, more stats, and more fun while also helping to support Sporcle. Thank you for becoming a member.

You're not logged in!

Compare scores with friends on all Sporcle quizzes.
OR
Log In

Show Comments

Extras

Top Quizzes Today


Score Distribution

Your Account Isn't Verified!

In order to create a playlist on Sporcle, you need to verify the email address you used during registration. Go to your Sporcle Settings to finish the process.

Report this User

Report this user for behavior that violates our Community Guidelines.

Details: